<?xml version='1.0' encoding='UTF-8'?>
  <record xmlns="http://www.loc.gov/MARC21/slim">
    <leader>00000cam a2200000 i 4500</leader>
    <controlfield tag="001">on1503893071</controlfield>
    <controlfield tag="003">OCoLC</controlfield>
    <controlfield tag="005">20250306183424.5</controlfield>
    <controlfield tag="008">250303s1483    it       b    000 0 lat d</controlfield>
    <datafield tag="040" ind1=" " ind2=" ">
      <subfield code="a">QGJ</subfield>
      <subfield code="b">eng</subfield>
      <subfield code="e">rda</subfield>
      <subfield code="e">dcrmr</subfield>
      <subfield code="c">QGJ</subfield>
      <subfield code="d">QGJ</subfield>
      <subfield code="d">OCLCO</subfield>
      <subfield code="d">QGJ</subfield>
      <subfield code="d">OCLCO</subfield>
    </datafield>
    <datafield tag="035" ind1=" " ind2=" ">
      <subfield code="a">(OCoLC)1503893071</subfield>
    </datafield>
    <datafield tag="100" ind1="0" ind2=" ">
      <subfield code="a">Pliny,</subfield>
      <subfield code="c">the Elder,</subfield>
      <subfield code="e">author.</subfield>
      <subfield code="4">aut</subfield>
      <subfield code="1">https://id.oclc.org/worldcat/entity/E39PBJkmY4XR9Mwkr86vkmVcT3</subfield>
    </datafield>
    <datafield tag="240" ind1="1" ind2="0">
      <subfield code="a">Naturalis historia.</subfield>
      <subfield code="l">Latin</subfield>
      <subfield code="s">(Beroaldus)</subfield>
    </datafield>
    <datafield tag="245" ind1="1" ind2="0">
      <subfield code="a">Caij Plynij Secundi Naturalis Hystoriae liber primus [-trigesimus septimus &amp; ultimus]</subfield>
    </datafield>
    <datafield tag="246" ind1="3" ind2=" ">
      <subfield code="a">Caii Plynii Secvndi Natvralis Hystoriae liber primvs [-trigesimvs septimvs &amp; vltimvs]</subfield>
    </datafield>
    <datafield tag="264" ind1=" " ind2="1">
      <subfield code="a">Venetiis :</subfield>
      <subfield code="b">impressus op[er]a &amp; i[m]pensa Rainaldi de Nouimagio Alamani,</subfield>
      <subfield code="c">Anno Nativitatis Domini. M.CCCC.LXXXIII. Die Sexta Mensis Iunii [6 June 1483].</subfield>
    </datafield>
    <datafield tag="300" ind1=" " ind2=" ">
      <subfield code="a">[356] leaves ;</subfield>
      <subfield code="c">30 cm (folio)</subfield>
    </datafield>
    <datafield tag="336" ind1=" " ind2=" ">
      <subfield code="a">text</subfield>
      <subfield code="b">txt</subfield>
      <subfield code="2">rdacontent</subfield>
    </datafield>
    <datafield tag="337" ind1=" " ind2=" ">
      <subfield code="a">unmediated</subfield>
      <subfield code="b">n</subfield>
      <subfield code="2">rdamedia</subfield>
    </datafield>
    <datafield tag="338" ind1=" " ind2=" ">
      <subfield code="a">volume</subfield>
      <subfield code="b">nc</subfield>
      <subfield code="2">rdacarrier</subfield>
    </datafield>
    <datafield tag="340" ind1=" " ind2=" ">
      <subfield code="m">folio</subfield>
      <subfield code="2">rdabf</subfield>
    </datafield>
    <datafield tag="500" ind1=" " ind2=" ">
      <subfield code="a">Title from caption on leaf aa3 verso, and text before colophon, which reads: Caii Plynii Secundi Naturalis Hystoriae Liber trigesimus septimus &amp; ultimus Finit.</subfield>
    </datafield>
    <datafield tag="500" ind1=" " ind2=" ">
      <subfield code="a">First line of text on leaf aa2 recto: Caius Plinius Marco suo salutem.</subfield>
    </datafield>
    <datafield tag="500" ind1=" " ind2=" ">
      <subfield code="a">Edited by Philippus Beroaldus.</subfield>
    </datafield>
    <datafield tag="500" ind1=" " ind2=" ">
      <subfield code="a">Contains also  a letter to Marcus [=Quintus Baebius Macer] and Tacitus by Pliny the Younger [respectively Letters, book III, 5 and book VI, 16]. With excerpts on Pliny from De viris illustribus by Suetonius, the Apologeticum by Tertullian and the Chronicon by Eusebius of Caesarea. With the Annotationes in Plinium by Philippus Beroaldus.</subfield>
    </datafield>
    <datafield tag="500" ind1=" " ind2=" ">
      <subfield code="a">Publication statement from colophon (leaf I7 verso), which reads: Venetiis impressus op[er]a &amp; i[m]pensa Rainaldi de Nouimagio Alamani Anno Nativitatis Domini. M.CCCC.LXXXIII. Die Sexta Mensis Iunii. Regnante Illustrissimo principe Ioanni Mocenigo.</subfield>
    </datafield>
    <datafield tag="500" ind1=" " ind2=" ">
      <subfield code="a">Signatures: aa⁸ bb¹⁰ a–r¹⁰ ſ¹⁰ s–z¹⁰ &amp;⁸ [inverted c]⁸ R⁸ A-H⁸ I¹⁰; aa1 is blank.</subfield>
    </datafield>
    <datafield tag="500" ind1=" " ind2=" ">
      <subfield code="a">With capital spaces with guide letters.</subfield>
    </datafield>
    <datafield tag="510" ind1="4" ind2=" ">
      <subfield code="a">Incunabula short title catalogue,</subfield>
      <subfield code="c">ip00794000</subfield>
      <subfield code="u">https://data.cerl.org/istc/ip00794000</subfield>
    </datafield>
    <datafield tag="510" ind1="4" ind2=" ">
      <subfield code="a">Gesamtkatalog der Wiegendrucke,</subfield>
      <subfield code="c">M34329</subfield>
      <subfield code="u">https://www.gesamtkatalogderwiegendrucke.de/docs/M34329.htm</subfield>
    </datafield>
    <datafield tag="510" ind1="4" ind2=" ">
      <subfield code="a">Bayerische Staatsbibliothek Inkunabelkatalog,</subfield>
      <subfield code="c">P-605</subfield>
      <subfield code="u">https://inkunabeln.digitale-sammlungen.de/Ausgabe_P-605.html</subfield>
    </datafield>
    <datafield tag="510" ind1="4" ind2=" ">
      <subfield code="a">Incunabula in Dutch libraries,</subfield>
      <subfield code="c">3731</subfield>
    </datafield>
    <datafield tag="600" ind1="0" ind2="0">
      <subfield code="a">Pliny,</subfield>
      <subfield code="c">the Elder.</subfield>
      <subfield code="t">Naturalis historia.</subfield>
    </datafield>
    <datafield tag="650" ind1=" " ind2="0">
      <subfield code="a">Natural history</subfield>
      <subfield code="v">Pre-Linnean works.</subfield>
    </datafield>
    <datafield tag="650" ind1=" " ind2="0">
      <subfield code="a">Natural history.</subfield>
    </datafield>
    <datafield tag="650" ind1=" " ind2="2">
      <subfield code="a">Natural History</subfield>
    </datafield>
    <datafield tag="650" ind1=" " ind2="6">
      <subfield code="a">Sciences naturelles</subfield>
      <subfield code="v">Ouvrages prélinnéens.</subfield>
    </datafield>
    <datafield tag="650" ind1=" " ind2="6">
      <subfield code="a">Sciences naturelles.</subfield>
    </datafield>
    <datafield tag="650" ind1=" " ind2="7">
      <subfield code="a">natural sciences.</subfield>
      <subfield code="2">aat</subfield>
    </datafield>
    <datafield tag="630" ind1="0" ind2="7">
      <subfield code="a">Naturalis historia (Pliny, the Elder)</subfield>
      <subfield code="2">fast</subfield>
    </datafield>
    <datafield tag="650" ind1=" " ind2="7">
      <subfield code="a">Natural history</subfield>
      <subfield code="2">fast</subfield>
    </datafield>
    <datafield tag="655" ind1=" " ind2="2">
      <subfield code="a">Incunabula</subfield>
    </datafield>
    <datafield tag="655" ind1=" " ind2="7">
      <subfield code="a">incunabula (books)</subfield>
      <subfield code="2">aat</subfield>
    </datafield>
    <datafield tag="655" ind1=" " ind2="7">
      <subfield code="a">Early works</subfield>
      <subfield code="2">fast</subfield>
    </datafield>
    <datafield tag="655" ind1=" " ind2="7">
      <subfield code="a">Incunables.</subfield>
      <subfield code="2">rvmgf</subfield>
    </datafield>
    <datafield tag="700" ind1="0" ind2=" ">
      <subfield code="a">Pliny,</subfield>
      <subfield code="c">the Younger,</subfield>
      <subfield code="e">contributor.</subfield>
      <subfield code="4">ctb</subfield>
      <subfield code="1">https://id.oclc.org/worldcat/entity/E39PBJcC4vTBmCtxGkbCwxWhpP</subfield>
    </datafield>
    <datafield tag="700" ind1="0" ind2=" ">
      <subfield code="a">Suetonius,</subfield>
      <subfield code="d">approximately 69-approximately 122,</subfield>
      <subfield code="e">contributor.</subfield>
      <subfield code="4">ctb</subfield>
      <subfield code="1">https://id.oclc.org/worldcat/entity/E39PBJvMyG877wtrdwFr4MrH4q</subfield>
    </datafield>
    <datafield tag="700" ind1="0" ind2=" ">
      <subfield code="a">Tertullian,</subfield>
      <subfield code="d">approximately 160-approximately 230,</subfield>
      <subfield code="e">contributor.</subfield>
      <subfield code="4">ctb</subfield>
      <subfield code="1">https://id.oclc.org/worldcat/entity/E39PBJvCVtXmJyWjr3cPYVTPwC</subfield>
    </datafield>
    <datafield tag="700" ind1="0" ind2=" ">
      <subfield code="a">Eusebius,</subfield>
      <subfield code="c">of Caesarea, Bishop of Caesarea,</subfield>
      <subfield code="d">approximately 260-approximately 340,</subfield>
      <subfield code="e">contributor.</subfield>
      <subfield code="4">ctb</subfield>
      <subfield code="1">https://id.oclc.org/worldcat/entity/E39PBJdRwHHtGFw4bJRR6p7T73</subfield>
    </datafield>
    <datafield tag="700" ind1="1" ind2=" ">
      <subfield code="a">Beroaldo, Filippo,</subfield>
      <subfield code="d">1453-1505,</subfield>
      <subfield code="e">editor,</subfield>
      <subfield code="e">commentator for written text.</subfield>
      <subfield code="4">edt</subfield>
      <subfield code="4">cmt</subfield>
      <subfield code="1">https://id.oclc.org/worldcat/entity/E39PBJcGj6VrTPG8VFY89wfcyd</subfield>
    </datafield>
    <datafield tag="700" ind1="0" ind2=" ">
      <subfield code="a">Rainaldus,</subfield>
      <subfield code="c">de Novimagio,</subfield>
      <subfield code="d">active 1476-1496,</subfield>
      <subfield code="e">printer.</subfield>
      <subfield code="4">prt</subfield>
      <subfield code="1">https://id.oclc.org/worldcat/entity/E39PCjCWPdyY8BQ7Cmy9MRK7h3</subfield>
    </datafield>
    <datafield tag="752" ind1=" " ind2=" ">
      <subfield code="a">Italy</subfield>
      <subfield code="d">Venice,</subfield>
      <subfield code="e">publication place.</subfield>
      <subfield code="4">pup</subfield>
    </datafield>
  </record>